1665 1215 1799 1867 1452 1373 1969 1982 1515 1136 1682 1439 1769 1475 1265 1844 1551 1116 1931 1607 1245 1220 1651 1995 1431 1136 1384 1341 1144 1749 1062 1340 1652 1964 1439 1966 1550 1899 1387 1367 1024 1933 1078 1563 1091 1634 1905 1767 1431 1139 1299 1555 1289 1050 1346 1496 1921 1780 1703 1223 1654 1948 1832 1115 1444 1132 1359 1593 1139 1326 1061 1857 1251 1982 1980 1749 1062 1192 1410 1156 1563 1598 1976 1571 1835 1601 1720 1879 1093 1926 1065 1707 1370 1021 1207 1634 1466 1692 1423 BCNSPRNW ULIB Ver.6.0+V

เปลี่ยนเป็นภาษาไทย

Change to English
 แสดงรายละเอียดบรรณานุกรม
  กลับหน้าหลัก

Brief Record : Get Marc (ISO 2709) : E-mail record : QR code < ปิดหน้าต่าง
LEADER : 00000nam 2200000uu 4500
001    13399112151
003     ULIB
008    110627s2553||||th 000 0 tha d
020    9786165000192
090    นว.^bล258ห 2553
100 0  ลัลล์ลลิล
245 00 เหมันต์นิรันดร/^cลัลล์ลลิล
250    พิมพ์ครั้งที่ 1
260    กรุงเทพฯ :^bพิมพ์คำ,^c2553
300    414 หน้า
710 1  พิมพ์คำ
945    ^p260^l0^i028027
995    ทศพร
999 ^a ใช้งานได้ทุกระบบ
รายการนี้ยังไม่มีแท็ก
คุณยังไม่ได้ล็อกอิน คุณสามารถมีกิจกรรมร่วมกับเว็บไซต์ได้ แต่ต้องล็อกอินก่อน ::
  ล็อกอิน

รายการสื่อสารสนเทศ

ลำดับที่ ประเภท เลขเรียก/บาร์โค้ด สถานที่ สถานะ
- ไม่พบข้อมูล -

รายการใกล้เคียง
    ผู้แต่ง [ลัลล์ลลิล]

BibComment


ยังไม่เคยถูกคอมเมนท์

คอมเมนท์ทรัพยากรรายการนี้
  คอมเมนท์: เหมันต์นิรันดร ลั..


 Copyright 2026. Bcnsprnw @Library